Rozdelenie a možnosti financovania aktivít zo štrukturálnych fondov Ako sa dostať k peniazom z Európskych fondov

Podpora podnikateľských aktivít v krajinách EÚ prostredníctvom štrukturálnych opatrení zameraných na rozvoj regiónov. Rozvojová pomoc pre regióny EÚ sa realizuje prostredníctvom štrukturálnych fondov. Program národná iniciatíva. Programy iniciatívy Spoločenstva (CIs). Prioritné ciele, na ktoré sú...

ver descrição completa

Na minha lista:
Detalhes bibliográficos
Formato: Capítulo de Livro
Idioma:eslovaco
Assuntos:
Tags: Adicionar Tag
Sem tags, seja o primeiro a adicionar uma tag!

MARC

LEADER 00000naa$a2200000$$$4500
001 0003966
005 20230920090944.4
041 0 |a slo 
044 |a SK 
245 1 0 |a Rozdelenie a možnosti financovania aktivít zo štrukturálnych fondov  |b Ako sa dostať k peniazom z Európskych fondov 
520 |a Podpora podnikateľských aktivít v krajinách EÚ prostredníctvom štrukturálnych opatrení zameraných na rozvoj regiónov. Rozvojová pomoc pre regióny EÚ sa realizuje prostredníctvom štrukturálnych fondov. Program národná iniciatíva. Programy iniciatívy Spoločenstva (CIs). Prioritné ciele, na ktoré sú určené prostriedky z fondov. Rozdelenie pomoci štrukturálnych fondov EÚ (ERDF, ESF, EAGGF, FIFG) podľa cieľov. Finančné prostriedky pre iniciatívy spoločenstva (INTERREG, EQUAL, LEADER, URBAN). 
610 2 0 |a spolupráca hospodárska medzinárodná 
610 2 0 |a Európska únia 
610 2 0 |a fondy štruktúrne 
610 2 0 |a regióny 
610 2 0 |a programy rozvojové 
610 2 0 |a Slovensko